|
|
|
|
| LEADER |
00000nab a2200000 ar4500 |
| 001 |
vtls010576005 |
| 003 |
SK-MaSNL |
| 005 |
20260303171231.0 |
| 008 |
170922c20130921xo mr|p|||||||000 b|slo |
| 038 |
|
|
|a SNSK
|
| 040 |
|
|
|b slo
|c SNSK
|e AACR2
|
| 041 |
|
|
|a slo
|
| 044 |
|
|
|a xo
|c SK
|
| 080 |
|
|
|a 678.5
|2 2001
|
| 080 |
|
|
|a 628.4.032
|2 2001
|
| 080 |
|
|
|a 628.46
|2 2001
|
| 100 |
1 |
|
|a Hakl, Róbert
|4 aut
|9 877264
|
| 245 |
1 |
0 |
|a Čistenie Ružína vyjde na 200 000 €!
|b koniec plastovému moru
|c Róbert Hakl
|
| 300 |
|
|
|b Fotogr.
|
| 610 |
1 |
7 |
|a Margecany (Slovensko).
|b Obecný úrad
|2 snsk
|9 193622
|
| 650 |
0 |
7 |
|a Odpadky, smeti
|2 snsk
|9 1066308
|
| 650 |
0 |
7 |
|a plasty
|2 snsk
|9 3661
|
| 651 |
|
7 |
|a Margecany (Slovensko)
|2 snsk
|9 43538
|
| 651 |
|
7 |
|a Gelnica (Slovensko : okres)
|2 snsk
|9 168677
|
| 651 |
|
7 |
|a Hornád (Slovensko a Maďarsko : rieka)
|2 snsk
|9 26821
|
| 773 |
0 |
|
|t Nový Čas
|g Roč. 23, č. 220 (21.9.2013), s. 9
|x 1335-4655
|
| 852 |
|
|
|a SNSK
|b KIS3GCP
|
| 999 |
|
|
|c 2080437
|d 2082367
|